Normal view
MARC view
- Sheridan Titman, John D. Martin and V. Ravi Anshuman
Entry Personal Name
001 - CONTROL NUMBER
- control field: 3365
003 - CONTROL NUMBER IDENTIFIER
- control field: OSt
005 - DATE AND TIME OF LATEST TRANSACTION
- control field: 20200824131041.0
008 - FIXED-LENGTH DATA ELEMENTS
- fixed length control field: 200824|| aca||aabn | a|a d
040 ## - CATALOGING SOURCE
- Original cataloging agency: OSt
- Transcribing agency: OSt
100 ## - HEADING--PERSONAL NAME
- Personal name: Sheridan Titman, John D. Martin and V. Ravi Anshuman
670 ## - SOURCE DATA FOUND
- Source citation: Work cat.: (OSt): Titman, Sheridan 3363, Valuation /Analyzing Global Investment Opportunities, c2009
